| 000 | 00849cam a2200265 i 4500 | ||
|---|---|---|---|
| 001 | 3357 | ||
| 003 | CO-MdBIC | ||
| 005 | 20231122145426.0 | ||
| 008 | 231122t1964 xxu ||g |||| 00| 0 eng d | ||
| 040 |
_bspa. _aCO-MdFUSB _cCO-MdFUSB _dCO-MdFUSBC _erda |
||
| 041 | _aeng | ||
| 082 | 0 | 4 | _aG 230.2 B673r |
| 100 | 1 | _aBoettner, Loraine (1901-) | |
| 245 | 1 | 0 |
_aRoman catholicism / Loraine Boettner _c/ |
| 264 | 1 |
_aPhiladelphia, PA., USA: _bPresbyterian and Reformed Publishing Company, _c[1964] |
|
| 264 | 4 | _c©1964 | |
| 300 |
_a466 Pag _c; |
||
| 336 |
_atexto _btxt _2rdacontent |
||
| 337 |
_2rdamedia _asin mediación _bn |
||
| 338 |
_2rdacarrier _avolumen _bnc |
||
| 650 | 1 | 4 | _aIGLESIA CATOLICA - OBRAS POLEMICAS - AUTORES PROTESTANTES |
| 653 | _aIGLESIA CATOLICA - OBRAS POLEMICAS - AUTORES PROTESTANTES | ||
| 942 | _cBK | ||
| 945 | _aDiego1276 | ||
| 999 |
_c34034 _d34034 |
||